000 00508nam a22001937a 4500
003 OSt
005 20140310182253.0
008 130916t xxu||||| |||| 00| 0 eng d
020 _a9780439633932
050 _aPZ 7
_b.Se443 2005
082 _aFIC R67p
_b2004
100 _aRook, Sebastian
_920161
245 _aThe vampire plagues /
_cSebastian Rooks.
260 _aNew York :
_bScholastic,
_cc2005.
300 _a206 p. :
_c20 cm.
650 _aFiction
_9746
942 _2lcc
_cBK-FIC
999 _c11411
_d11411